00198nam a22000857a 4500008004100000082002000041245003300061260000900094300000900103230704b xxu||||| |||| 00| 0 eng d a354.7bKEN 1962 aCareers in the Civil Service c1962 a114p